ՀՀ Գիտությունների ազգային ակադեմիայի հիմնարար գիտական գրադարան  =   Fundamental Scientific Library of NAS RA

Экономика добычи природного газа : (Record no. 462352)

MARC details
000 -LEADER
fixed length control field 00962nam a22002177a 4500
003 - CONTROL NUMBER IDENTIFIER
control field AM-YEHGA
005 - DATE AND TIME OF LATEST TRANSACTION
control field 20250617160920.0
008 - FIXED-LENGTH DATA ELEMENTS--GENERAL INFORMATION
fixed length control field 210428b ||||| |||| 00| 0 eng d
040 ## - CATALOGING SOURCE
Original cataloging agency AM-YeHGA
041 0# - LANGUAGE CODE
Language code of text/sound track or separate title rus
001 - CONTROL NUMBER
control field 1765116
090 ## - LOCALLY ASSIGNED LC-TYPE CALL NUMBER (OCLC); LOCAL CALL NUMBER (RLIN)
-- 465531
245 00 - TITLE STATEMENT
Title Экономика добычи природного газа :
Remainder of title Тематический научно-технический сборник /
Statement of responsibility, etc. Под общ. ред.Н. М. Николаевского
260 ## - PUBLICATION, DISTRIBUTION, ETC.
Place of publication, distribution, etc. Москва :
Name of publisher, distributor, etc. Б. и.,
Date of publication, distribution, etc. 1961
300 ## - PHYSICAL DESCRIPTION
Extent 72 с.,
Other physical details граф.
440 #0 - SERIES STATEMENT/ADDED ENTRY--TITLE
Title Добыча, транспорт и хранение газа
653 0# - INDEX TERM--UNCONTROLLED
Uncontrolled term Газовая промышленность, предприятия - Экономика - Сборники
653 0# - INDEX TERM--UNCONTROLLED
Uncontrolled term Газы природные, горючие - Добыча - Сборники
700 1# - ADDED ENTRY--PERSONAL NAME
Personal name Николаевский, Николай Матвеевич
Relator term ред.
Relationship edt
942 ## - ADDED ENTRY ELEMENTS (KOHA)
Source of classification or shelving scheme Universal Decimal Classification
Koha item type Գրքեր / Books
Holdings
Withdrawn status Lost status Damaged status Not for loan Collection Home library Current library Date acquired Total checkouts Full call number Barcode Date last seen Price effective from Koha item type Public note
        General Fundamental Scientific Library Fundamental Scientific Library 28/04/2021   РII/49535 FL0640802 28/04/2021 28/04/2021 Գրքեր / Books 30 Days Loan


ՀՀ ԳԱԱ հիմնարար գիտական գրադարան
ՀՀ,Երևան 0019
Մարշալ Բաղրամյան 24/6
հեռախոս:(374-10) 52-47-50
Հետադարձ կապ

All site content, except where otherwise noted, is licensed under a
Creative Commons License